000 00914nam a22002897a 4500
003 CHAP
005 20220329140609.0
008 971013s r 00010 d
010 _a54511
011 _a55483
035 _a59635
040 _cCHAP
090 _aR-1721
100 0 0 _aSigurdson, Jon.
_9105917
245 _aRural industrialization ; a comparison of development planning in China and India
500 _aSobretiro de : World Development 6 : 667-680, 1978
590 _aBATCH-UPD
_b10
_c20130110
_lUCH01
_h0512
590 _aBATCH-UPD
_b10
_c20130110
_lUCH01
_h2357
590 _aBATCH-UPD
_b10
_c20130410
_lUCH01
_h0150
590 _aCONVERSION
_b10
_c20130109
_lUCH01
_h1329
650 1 4 _aAgricultura e industrializacion.
_92001
650 1 4 _aIndustria
_xChina.
_957696
650 1 4 _aIndustria
_xIndia.
_957743
901 _aBK
942 _cREIMP
949 _aR-1721
_bBC
_cR
_d-128909
_eTS1
_i59635
_si
999 _c54511
_d54511